| 000 | 00554nam a22001690 4500 | ||
|---|---|---|---|
| 003 | PILC | ||
| 005 | 20150526083245.0 | ||
| 008 | 981103s1976 eng | ||
| 050 |
_aBS 2095 _b.G653 1980 |
||
| 245 | 1 | 0 |
_aGood news for modern man : _bthe New Testament in today's English version with psalms / |
| 250 | _a4th ed. | ||
| 260 |
_aNew York : _bAmerican Bible Society, _c1980. |
||
| 300 |
_a230 pages : _billustrations ; _c19 cm. |
||
| 650 | _aBible. | ||
| 740 | 0 | _aBible. New Testament. English. Today's English. 1976. | |
| 942 |
_2lcc _cBK _kFOR |
||
| 999 |
_c284363 _d284363 |
||